000 00441nam a2200145 a 4500
001 000031873
005 20200930063240.0
008 110707s2004 dr 000 0 spa d
040 _aDO-SdBNP
_bspa
_cBNPHU
245 0 0 _aAlbum de oro del dominicano en EE.UU /
_ceditor José Jiménez Belén.
260 _a[Santo Domingo] :
_b[s.n.].
300 _av. :
_bil., retrs. ;
_c22 cm.
700 1 _aJiménez Belén, José
_eed.
_928216
049 _aBNPD
999 _c31365
_d31365